00433nam a22001457a 450000500170000002000230001703500220004003700130006210000200007524500810009526000440017630000250022070000180024570000240026320180712144606.0 a8120325788c150.00 aB-126485,B-126483 aDPLbENG aGovindaraja, M. aEngineering ethics /cby M. Govindarajan, S. Natarajan and V.S. Senthilkumar aNew DelhibPrentice Hall of Indiac2005 axiii, 181p.c20 cms. aNatarajan, S. aSenthilkumar, V.S.